<?xml version="1.0" encoding="UTF-8"?>
<record
    xmlns:xsi="http://www.w3.org/2001/XMLSchema-instance"
    xsi:schemaLocation="http://www.loc.gov/MARC21/slim http://www.loc.gov/standards/marcxml/schema/MARC21slim.xsd"
    xmlns="http://www.loc.gov/MARC21/slim">

  <leader>01136nam a2200265   4500</leader>
  <controlfield tag="003">OSt</controlfield>
  <controlfield tag="005">20260601171010.0</controlfield>
  <controlfield tag="008">260508b2007\\\\mx\a||||\||||\00|\0\spa\d</controlfield>
  <datafield tag="040" ind1=" " ind2=" ">
    <subfield code="a">ICI</subfield>
    <subfield code="b">spa</subfield>
    <subfield code="c">ICI</subfield>
  </datafield>
  <datafield tag="050" ind1=" " ind2="4">
    <subfield code="a">NK845.Q84</subfield>
    <subfield code="b">Q84</subfield>
  </datafield>
  <datafield tag="245" ind1=" " ind2="0">
    <subfield code="a">Quer&#xE9;taro : </subfield>
    <subfield code="b">dise&#xF1;o e iconograf&#xED;a : geometr&#xED;as de la imaginaci&#xF3;n /</subfield>
    <subfield code="c">Coordinador, Roberto Villase&#xF1;or Gonz&#xE1;lez</subfield>
  </datafield>
  <datafield tag="246" ind1=" " ind2="3">
    <subfield code="a">Dise&#xF1;o e iconograf&#xED;a</subfield>
    <subfield code="b">Quer&#xE9;taro : geometr&#xED;as de la imaginaci&#xF3;n</subfield>
  </datafield>
  <datafield tag="264" ind1=" " ind2=" ">
    <subfield code="b">CONACULTA, Direccion General de Culturas Populares e Indigenas,</subfield>
    <subfield code="c">2007</subfield>
    <subfield code="a">M&#xE9;xico, D.F. :</subfield>
  </datafield>
  <datafield tag="300" ind1=" " ind2=" ">
    <subfield code="a">176 p&#xE1;ginas</subfield>
    <subfield code="c">27cm.</subfield>
  </datafield>
  <datafield tag="336" ind1=" " ind2=" ">
    <subfield code="a">texto</subfield>
    <subfield code="2">rdacontent</subfield>
  </datafield>
  <datafield tag="337" ind1=" " ind2=" ">
    <subfield code="a">sin medio</subfield>
    <subfield code="2">rdamedia</subfield>
  </datafield>
  <datafield tag="338" ind1=" " ind2=" ">
    <subfield code="a">volumen</subfield>
    <subfield code="2">rdacarrier</subfield>
  </datafield>
  <datafield tag="500" ind1=" " ind2=" ">
    <subfield code="a">Coedici&#xF3;n con: Instituto Queretano de las Culturas y las Artes : Instituto Nacional de Antropologia e Historia : Instituto de Cultura del Municipio de Quer&#xE9;taro</subfield>
  </datafield>
  <datafield tag="500" ind1=" " ind2=" ">
    <subfield code="a">"Arte Popular de M&#xE9;xico"</subfield>
  </datafield>
  <datafield tag="650" ind1=" " ind2="4">
    <subfield code="a">Arte popular</subfield>
    <subfield code="z">Quer&#xE9;taro</subfield>
    <subfield code="9">32958</subfield>
  </datafield>
  <datafield tag="650" ind1=" " ind2="4">
    <subfield code="a">Simbolismo en el arte </subfield>
    <subfield code="z">Quer&#xE9;taro</subfield>
    <subfield code="9">32959</subfield>
  </datafield>
  <datafield tag="650" ind1=" " ind2="4">
    <subfield code="a">Tejedur&#xED;a</subfield>
    <subfield code="z">Quer&#xE9;taro</subfield>
    <subfield code="9">32960</subfield>
  </datafield>
  <datafield tag="700" ind1=" " ind2="1">
    <subfield code="a">Villase&#xF1;or Gonz&#xE1;lez, Roberto, </subfield>
    <subfield code="e">editor</subfield>
    <subfield code="9">32961</subfield>
  </datafield>
  <datafield tag="942" ind1=" " ind2=" ">
    <subfield code="2">lcc</subfield>
    <subfield code="c">B</subfield>
  </datafield>
  <datafield tag="999" ind1=" " ind2=" ">
    <subfield code="c">20465</subfield>
    <subfield code="d">20465</subfield>
  </datafield>
</record>
